[Event "8.Città di Padova Open A"]
[Site "Padova"]
[Date "2005.12.14"]
[Round "5.15"]
[White "Bondielli, Giorgio"]
[Black "De Marchi, Alessandro"]
[Result "1-0"]
[WhiteElo "2005"]
[BlackElo "1440"]
[Annotator "Gabriele Ballarin"]
[PlyCount "69"]
[EventDate "2005.12.10"]
[EventType "swiss"]
[EventRounds "9"]
[EventCountry "ITA"]

1. e4 c5 2. d4 cxd4 3. c3 Nf6 4. e5 Nd5 5. Nf3 e6 6. cxd4 Bb4+ 7. Bd2 Bxd2+ 8. Nbxd2 Qa5 9. Be2 Nf4 10. O-O Nxe2+ 11. Qxe2 Qa6 12. Qe3 d5 13. Rfc1 Nc6 14. Qg5 O-O 15. Rc3 Qb6 16. Nb3 Qd8 17. Qh5 g6 18. Qh6 f5 19. Ng5 Qe7 20. Rh3 Rf7 21. Nxf7 Qxf7 22. Rc1 a5 23. a4 Bd7 24. Rh4 Qg7 25. Qxg7+ Kxg7 26. Rh3 Ra6 27. Rc5 Rb6 28. Rb5 Rxb5 29. axb5 Na7 30. b6 Nc6 31. Rc3 Kh6 32. Kf1 Kg7 33. Nc5 Bc8 34. Nxe6+ Bxe6 35. Rxc6 1-0

[Event "8.Città di Padova Open A"]
[Site "Padova"]
[Date "2005.12.14"]
[Round "5.18"]
[White "Morganti, Lionello"]
[Black "Passigato, Marco"]
[Result "1-0"]
[WhiteElo "1691"]
[BlackElo "1440"]
[Annotator "Gabriele Ballarin"]
[PlyCount "113"]
[EventDate "2005.12.10"]
[EventType "swiss"]
[EventRounds "9"]
[EventCountry "ITA"]

1. e4 Nf6 2. e5 Nd5 3. d4 d6 4. c4 Nb6 5. exd6 cxd6 6. Nf3 N8d7 7. Be2 e6 8. Nc3 Nf6 9. O-O Be7 10. h3 Bd7 11. Bf4 Rc8 12. b3 O-O 13. Nd2 a6 14. Bf3 Bc6 15. Re1 Re8 16. Re3 d5 17. c5 Nbd7 18. b4 Nf8 19. a4 Ng6 20. Bg3 b6 21. b5 axb5 22. axb5 Ba8 23. c6 Bd6 24. Ra6 Bxg3 25. fxg3 Re7 26. Na4 Rb8 27. Ra3 Ne8 28. Qb3 Qc7 29. Kf2 Nd6 30. Nc3 Nf5 31. Ne2 Ree8 32. Ra7 Qd6 33. Qa2 Nfe7 34. Qb3 Bxc6 35. bxc6 Nxc6 36. R7a6 Nce7 37. R3a4 Rb7 38. Qb4 Qc7 39. Qb5 Kf8 40. Ra8 Nc8 41. Qb4+ Nge7 42. Ra1 g6 43. Rc1 Qd7 44. Nb1 Kg7 45. Qc3 h5 46. Rc2 f6 47. Nf4 Kf7 48. g4 Rh8 49. gxh5 gxh5 50. Bxh5+ Kg7 51. Bg4 Nd6 52. Qa3 Rh4 53. Nxe6+ Kg6 54. Nf8+ Kf7 55. Nxd7 Rxg4 56. hxg4 Rxd7 57. Nd2 1-0

[Event "8.Città di Padova Open A"]
[Site "Padova"]
[Date "2005.12.14"]
[Round "5.19"]
[White "Chiesa, Roberto"]
[Black "Longhini, Guido"]
[Result "1-0"]
[WhiteElo "1634"]
[BlackElo "1415"]
[Annotator "Gabriele Ballarin"]
[PlyCount "45"]
[EventDate "2005.12.10"]
[EventType "swiss"]
[EventRounds "9"]
[EventCountry "ITA"]

1. f4 e6 2. Nf3 b6 3. e3 Bb7 4. Be2 Nf6 5. b3 Be7 6. Bb2 h6 7. O-O Na6 8. Na3 Bd6 9. Nc4 Bc5 10. a3 d5 11. Nce5 Bd6 12. Bb5+ c6 13. Nxc6 Qd7 14. Ncd4 Qxb5 15. Nxb5 Bc5 16. b4 Be7 17. Qe2 O-O 18. Ne5 Ne4 19. d3 Nd6 20. Nxd6 Bxd6 21. Qg4 Nb8 22. Nd7 f5 23. Qxg7# 1-0

[Event "8.Città di Padova Open A"]
[Site "Padova"]
[Date "2005.12.15"]
[Round "6.18"]
[White "Pichierri, Gianmatteo"]
[Black "De Marchi, Alessandro"]
[Result "0-1"]
[WhiteElo "1539"]
[BlackElo "1440"]
[Annotator "Gabriele Ballarin"]
[PlyCount "86"]
[EventDate "2005.12.10"]
[EventType "swiss"]
[EventRounds "9"]
[EventCountry "ITA"]

1. e4 c5 2. f4 Nc6 3. Nf3 d6 4. d4 cxd4 5. Nxd4 Qb6 6. Nxc6 bxc6 7. b3 Qb4+ 8. Bd2 Qxe4+ 9. Be2 Bg4 10. Kf2 Qxe2+ 11. Qxe2 Bxe2 12. Kxe2 Nf6 13. Nc3 g6 14. Rad1 Bg7 15. Rhe1 O-O 16. Kf1 e6 17. Bc1 Rfd8 18. Ne4 Nxe4 19. Rxe4 d5 20. Re2 a5 21. a4 c5 22. Red2 Bc3 23. Rd3 Bg7 24. Be3 Rdc8 25. c4 d4 26. Bd2 f6 27. Re1 e5 28. g4 Re8 29. Re4 f5 30. gxf5 gxf5 31. Re2 e4 32. Rg3 Re7 33. Rg5 Rf7 34. Ke1 Raa7 35. Kd1 d3 36. Reg2 Kf8 37. Be3 Bd4 38. Rg8+ Ke7 39. Bxd4 cxd4 40. Rb8 e3 41. Rgg8 Kd6 42. Rb5 Rg7 43. Rd5+ Kc6 0-1

[Event "8.Città di Padova Open A"]
[Site "Padova"]
[Date "2005.12.15"]
[Round "6.19"]
[White "Longhini, Guido"]
[Black "Milanesi, Erminio"]
[Result "0-1"]
[WhiteElo "1415"]
[BlackElo "1616"]
[Annotator "Gabriele Ballarin"]
[PlyCount "94"]
[EventDate "2005.12.10"]
[EventType "swiss"]
[EventRounds "9"]
[EventCountry "ITA"]

1. d4 g6 2. e3 Nh6 3. Nf3 f6 4. Bc4 e6 5. h3 Nf7 6. b3 Bg7 7. Ba3 c6 8. Nc3 a5 9. Ne4 d5 10. Ned2 dxc4 11. Nxc4 b5 12. Ncd2 b4 13. Bb2 O-O 14. Nc4 Bb7 15. Qd2 Nd7 16. O-O-O Nb6 17. Nxb6 Qxb6 18. c4 bxc3 19. Bxc3 Rfd8 20. Qb2 c5 21. Rd2 Bxf3 22. gxf3 cxd4 23. Bxd4 Qc6+ 24. Kb1 Qxf3 25. Rhd1 e5 26. Bb6 Rxd2 27. Qxd2 Qxh3 28. Rc1 a4 29. Rc7 Qe6 30. Qd7 Qxd7 31. Rxd7 axb3 32. axb3 Rb8 33. Bc5 Rxb3+ 34. Kc2 Rb8 35. Kc3 e4 36. Re7 f5+ 37. Bd4 Rc8+ 38. Kb4 Bf8 39. Bf6 Bxe7+ 40. Bxe7 Rc2 41. Bh4 g5 42. Bg3 h5 43. Kb3 Rc8 44. Kb2 h4 45. Bh2 Kh7 46. Bg1 Kg6 47. Bh2 Kh5 0-1

[Event "8.Città di Padova Open A"]
[Site "Padova"]
[Date "2005.12.16"]
[Round "7.15"]
[White "De Marchi, Alessandro"]
[Black "Morganti, Lionello"]
[Result "1-0"]
[WhiteElo "1440"]
[BlackElo "1691"]
[Annotator "Gabriele Ballarin"]
[PlyCount "79"]
[EventDate "2005.12.10"]
[EventType "swiss"]
[EventRounds "9"]
[EventCountry "ITA"]

1. e4 d6 2. d4 Nf6 3. Nc3 g6 4. f4 Bg7 5. Nf3 O-O 6. Be2 c5 7. Be3 Ng4 8. Bg1 Qa5 9. h3 Nf6 10. Qd2 cxd4 11. Nxd4 Nc6 12. Nb3 Qd8 13. Bf3 Bd7 14. Nd5 Nxd5 15. exd5 Nb8 16. Bd4 Na6 17. Bxg7 Kxg7 18. Qd4+ Kg8 19. c3 Nc7 20. Kd2 Ne8 21. h4 h5 22. Rae1 Ng7 23. Re2 a5 24. Rhe1 Re8 25. Qf2 a4 26. Nd4 Nf5 27. Be4 Nxd4 28. Qxd4 f5 29. Bf3 Kf7 30. Re3 Rc8 31. Qd3 Qb6 32. Kc2 Bb5 33. Qd1 Bc4 34. Kb1 Ra8 35. Bxh5 a3 36. b3 Bxb3 37. axb3 a2+ 38. Ka1 Ra3 39. Bxg6+ Kxg6 40. c4 1-0

[Event "8.Città di Padova Open A"]
[Site "Padova"]
[Date "2005.12.16"]
[Round "7.19"]
[White "Quaranta, Gaetano"]
[Black "Longhini, Guido"]
[Result "1/2-1/2"]
[WhiteElo "1625"]
[BlackElo "1415"]
[Annotator "Gabriele Ballarin"]
[PlyCount "183"]
[EventDate "2005.12.10"]
[EventType "swiss"]
[EventRounds "9"]
[EventCountry "ITA"]

1. e4 Nc6 2. d4 d5 3. e5 e6 4. Nf3 h6 5. c4 b6 6. Nc3 a6 7. cxd5 Na7 8. dxe6 Bxe6 9. Bxa6 Bb4 10. Bd2 Nc6 11. Bb5 Bd7 12. Qb3 Bxc3 13. Qxc3 Na5 14. Bxd7+ Qxd7 15. O-O Ne7 16. Rac1 Rc8 17. Qa3 O-O 18. Bxa5 bxa5 19. Qxa5 c6 20. a3 Nf5 21. Rfd1 Ra8 22. Qc3 Rfc8 23. Qd3 Ra7 24. d5 c5 25. d6 Ra4 26. Rc4 Rxc4 27. Qxc4 g6 28. h3 Ng7 29. Rc1 Ne6 30. b4 Qa7 31. Qb3 Qb7 32. b5 Nd4 33. Nxd4 cxd4 34. Rxc8+ Qxc8 35. Qd1 Qc5 36. d7 Qd5 37. Qg4 h5 38. Qf3 Qxd7 39. b6 Qb5 40. b7 Qb1+ 41. Kh2 d3 42. b8=Q+ Qxb8 43. Qxd3 Qxe5+ 44. Qg3 Qe7 45. Qe3 Qd6+ 46. Qg3 Qe7 47. a4 Qb4 48. f4 Kh7 49. Qg5 Qxa4 50. f5 Qc2 51. f6 Qf5 52. Qh4 Qe5+ 53. Kh1 Kh6 54. Qf2 g5 55. h4 g4 56. Qd2+ Kg6 57. Qd3+ Qf5 58. Qd8 Qxf6 59. Qg8+ Qg7 60. Qd8 f6 61. Qe8+ Qf7 62. Qe4+ f5 63. Qe3 f4 64. Qe4+ Qf5 65. Qe8+ Qf7 66. Qd8 Qf6 67. Qd3+ Kg7 68. Qd7+ Kh6 69. Qd1 Qxh4+ 70. Kg1 Qf6 71. Qc1 Kg5 72. g3 h4 73. Qc5+ Kg6 74. Qc2+ Kg7 75. Qc7+ Kg6 76. Qc2+ Qf5 77. Qc6+ Kg5 78. gxh4+ Kxh4 79. Qh6+ Qh5 80. Qxf4 Qc5+ 81. Kg2 Qc2+ 82. Kg1 Qd1+ 83. Kg2 Qe2+ 84. Kg1 Kh3 85. Qh6+ Kg3 86. Qd6+ Kh3 87. Qh6+ Kg3 88. Qd6+ Kf3 89. Qf6+ Ke3 90. Qe5+ Kd2 91. Qxe2+ Kxe2 92. Kg2 1/2-1/2

[Event "8.Città di Padova Open A"]
[Site "Padova"]
[Date "2005.12.17"]
[Round "8.19"]
[White "Passigato, Marco"]
[Black "Quaranta, Gaetano"]
[Result "0-1"]
[WhiteElo "1440"]
[BlackElo "1625"]
[Annotator "Gabriele Ballarin"]
[PlyCount "34"]
[EventDate "2005.12.10"]
[EventType "swiss"]
[EventRounds "9"]
[EventCountry "ITA"]

1. e4 e5 2. Nf3 Nc6 3. Bc4 Nf6 4. Nc3 Bc5 5. O-O O-O 6. Bb3 d6 7. a3 Bg4 8. d3 Nd4 9. Ba2 Nxf3+ 10. gxf3 Bh3 11. Re1 Nh5 12. Ne2 Nf4 13. Bxf4 exf4 14. Ng3 fxg3 15. hxg3 Qg5 16. Bd5 Qxg3+ 17. Kh1 Qg2# 0-1

[Event "8.Città di Padova Open A"]
[Site "Padova"]
[Date "2005.12.17"]
[Round "8.20"]
[White "Longhini, Guido"]
[Black "Palumbo, Giuseppe"]
[Result "1-0"]
[WhiteElo "1415"]
[BlackElo "1631"]
[Annotator "Gabriele Ballarin"]
[PlyCount "83"]
[EventDate "2005.12.10"]
[EventType "swiss"]
[EventRounds "9"]
[EventCountry "ITA"]

1. d4 Nf6 2. Nc3 d5 3. e3 Bf5 4. Bd3 Bg6 5. Bxg6 hxg6 6. Nf3 Nc6 7. a3 e6 8. b3 a6 9. Bb2 Qd6 10. Qe2 Be7 11. h3 b5 12. b4 Kd7 13. Ng5 Raf8 14. O-O-O Nxb4 15. axb4 Qxb4 16. Nf3 Qa5 17. Ne5+ Kc8 18. Nc6 Qb6 19. Nxe7+ Kd7 20. Nexd5 Nxd5 21. Nxd5 exd5 22. Rd3 f5 23. f4 b4 24. Kd2 a5 25. Ra1 Ra8 26. g4 a4 27. Qg2 Qd6 28. Bc1 Rh7 29. gxf5 gxf5 30. e4 dxe4 31. Rg3 Qxd4+ 32. Rd3 exd3 33. Qxa8 Qc3+ 34. Ke3 Rxh3+ 35. Kf2 Qxc2+ 36. Kg1 Qd1+ 37. Kf2 Qe2+ 38. Kg1 Qe1+ 39. Kg2 Qh1+ 40. Kf2 Rf3+ 41. Qxf3 Qxf3+ 42. Kxf3 1-0

[Event "8.Città di Padova Open A"]
[Site "Padova"]
[Date "2005.12.18"]
[Round "9.14"]
[White "De Marchi, Alessandro"]
[Black "Canazza, Alessandro"]
[Result "0-1"]
[WhiteElo "1440"]
[BlackElo "1727"]
[Annotator "Gabriele Ballarin"]
[PlyCount "62"]
[EventDate "2005.12.10"]
[EventType "swiss"]
[EventRounds "9"]
[EventCountry "ITA"]

1. e4 Nf6 2. e5 Nd5 3. d4 d6 4. Nf3 Bg4 5. Be2 e6 6. O-O Be7 7. h3 Bh5 8. Bd2 O-O 9. Nc3 Nxc3 10. bxc3 c5 11. Rb1 Qc7 12. Re1 Nc6 13. g4 Bg6 14. Bd3 dxe5 15. dxe5 Rfd8 16. Bxg6 hxg6 17. Qe2 Rd5 18. c4 Rd7 19. c3 Rad8 20. Rb2 b6 21. Rc1 Rd3 22. Bf4 Na5 23. Rd2 Rxd2 24. Nxd2 Qd7 25. Ne4 Qa4 26. Nd6 Bxd6 27. exd6 Qxc4 28. Qxc4 Nxc4 29. Rd1 Kf8 30. d7 e5 31. Bg3 Ke7 0-1

[Event "8.Città di Padova Open A"]
[Site "Padova"]
[Date "2005.12.18"]
[Round "9.18"]
[White "Facchin, Francesco"]
[Black "Longhini, Guido"]
[Result "1-0"]
[WhiteElo "1506"]
[BlackElo "1415"]
[Annotator "Gabriele Ballarin"]
[PlyCount "47"]
[EventDate "2005.12.10"]
[EventType "swiss"]
[EventRounds "9"]
[EventCountry "ITA"]

1. d4 e6 2. Nf3 d5 3. e3 Nf6 4. Nbd2 Be7 5. Bd3 b6 6. Qe2 O-O 7. e4 c5 8. c3 c4 9. Bc2 Ba6 10. O-O b5 11. a3 Bb7 12. Re1 Re8 13. Ne5 Nbd7 14. f4 Nxe5 15. fxe5 Nd7 16. Qg4 Nf8 17. Nf3 Ng6 18. Bg5 Bxg5 19. Nxg5 h6 20. Nxf7 Kxf7 21. Rf1+ Kg8 22. Qxg6 Qe7 23. exd5 Bxd5 24. Qh7# 1-0

[Event "8.Città di Padova Open A"]
[Site "Padova"]
[Date "2005.12.18"]
[Round "9.20"]
[White "Palumbo, Giuseppe"]
[Black "Passigato, Marco"]
[Result "1-0"]
[WhiteElo "1631"]
[BlackElo "1440"]
[Annotator "Gabriele Ballarin"]
[PlyCount "75"]
[EventDate "2005.12.10"]
[EventType "swiss"]
[EventRounds "9"]
[EventCountry "ITA"]

1. e4 e6 2. d4 d5 3. e5 c5 4. c3 Nc6 5. Bb5 Bd7 6. Ne2 c4 7. f4 Nh6 8. Ng3 Be7 9. f5 a6 10. Bxc6 Bxc6 11. fxe6 fxe6 12. Qh5+ Nf7 13. O-O g6 14. Qh3 Qd7 15. Be3 Ng5 16. Qg4 Nf7 17. Nd2 Rf8 18. Rf2 O-O-O 19. Raf1 Nh8 20. Bh6 Rxf2 21. Rxf2 Re8 22. Bg7 Kc7 23. Qh3 Bd8 24. Qxh7 g5 25. Qh6 Rg8 26. Bxh8 Qe8 27. Nh5 Rxh8 28. Qg7+ Kb6 29. Nf6 Bxf6 30. exf6 Qh5 31. f7 Qxh2+ 32. Kf1 Qh1+ 33. Ke2 Qh5+ 34. Ke1 Be8 35. Qxh8 Qxh8 36. f8=Q Qh1+ 37. Nf1 Bg6 38. Qc5# 1-0

[Event "8.Open B Week-End"]
[Site "Padova"]
[Date "2005.12.10"]
[Round "1.1"]
[White "Cacco, Christian"]
[Black "Negro, Raffaele"]
[Result "1-0"]
[WhiteElo "2393"]
[BlackElo "1766"]
[Annotator "Gabriele Ballarin"]
[PlyCount "77"]
[EventDate "2005.12.10"]
[EventType "swiss"]
[EventRounds "6"]
[EventCountry "ITA"]

1. d4 d6 2. c4 Nf6 3. Nc3 g6 4. g3 Bg7 5. Bg2 O-O 6. Nf3 Nc6 7. O-O Bf5 8. h3 Ne4 9. Nd5 Nf6 10. g4 Bd7 11. Be3 e5 12. dxe5 Nxd5 13. cxd5 Nxe5 14. Nxe5 Bxe5 15. f4 Bg7 16. Bd4 c5 17. dxc6 Bxd4+ 18. Qxd4 Bxc6 19. Rad1 Qe7 20. e4 Rfd8 21. g5 b6 22. Rfe1 Rac8 23. Qf6 Qxf6 24. gxf6 Bb7 25. Re2 Kf8 26. Rd4 h5 27. Red2 Ke8 28. Kf2 Rc5 29. h4 b5 30. Ke3 Rc4 31. Bf1 Rc5 32. Rxd6 Rxd6 33. Rxd6 b4 34. Kd4 Ra5 35. Bc4 Bc8 36. Rd5 Rxd5+ 37. Bxd5 a5 38. Kc5 Ba6 39. Kb6 1-0

[Event "8.Open B Week-End"]
[Site "Padova"]
[Date "2005.12.10"]
[Round "1.2"]
[White "Jimchi, Abdelaziz"]
[Black "Dvirnyy, Danyyil"]
[Result "0-1"]
[WhiteElo "1763"]
[BlackElo "2272"]
[Annotator "Gabriele Ballarin"]
[PlyCount "72"]
[EventDate "2005.12.10"]
[EventType "swiss"]
[EventRounds "6"]
[EventCountry "ITA"]

1. Nf3 Nf6 2. g3 c5 3. Bg2 Nc6 4. d3 g6 5. b3 Bg7 6. Bb2 O-O 7. Nbd2 d5 8. e4 d4 9. O-O Qc7 10. a3 e5 11. h3 a6 12. Nh2 b5 13. f4 Nh5 14. Qf3 exf4 15. g4 Ne5 16. Qd1 Ng3 17. Rf2 g5 18. Ndf3 h6 19. Nxe5 Bxe5 20. Nf3 f6 21. Nxe5 fxe5 22. Bf3 Be6 23. Bc1 Rfc8 24. Bd2 c4 25. Rh2 cxd3 26. cxd3 Qc2 27. Qxc2 Rxc2 28. Bd1 Rb2 29. Bb4 Rxh2 30. Kxh2 Nf1+ 31. Kg1 Ne3 32. Bd6 Rc8 33. Bxe5 Rc3 34. Be2 Nc2 35. Rc1 Bxb3 36. Bxd4 Nxd4 0-1

[Event "8.Open B Week-End"]
[Site "Padova"]
[Date "2005.12.10"]
[Round "1.3"]
[White "Caruso, Augusto"]
[Black "Rigoni, Vinicio"]
[Result "1-0"]
[WhiteElo "2244"]
[BlackElo "1733"]
[Annotator "Gabriele Ballarin"]
[PlyCount "41"]
[EventDate "2005.12.10"]
[EventType "swiss"]
[EventRounds "6"]
[EventCountry "ITA"]

1. Nc3 Nf6 2. Nf3 g6 3. d4 d6 4. Bg5 Bg7 5. Qd2 O-O 6. Bh6 Bg4 7. O-O-O c6 8. h3 Bxf3 9. gxf3 b5 10. h4 Nh5 11. Ne4 Nd7 12. Bh3 Ndf6 13. Nxf6+ Nxf6 14. h5 d5 15. hxg6 fxg6 16. Be6+ Kh8 17. Bxg7+ Kxg7 18. Qh6+ Kh8 19. Rdg1 Qd6 20. Rxg6 Qxe6 21. Qg7# 1-0

[Event "8.Open B Week-End"]
[Site "Padova"]
[Date "2005.12.10"]
[Round "1.4"]
[White "You, Zi Chih Stefano"]
[Black "Danieli, Enrico"]
[Result "0-1"]
[WhiteElo "1733"]
[BlackElo "2163"]
[Annotator "Gabriele Ballarin"]
[PlyCount "56"]
[EventDate "2005.12.10"]
[EventType "swiss"]
[EventRounds "6"]
[EventCountry "ITA"]

1. e4 d5 2. exd5 Nf6 3. d4 Bg4 4. f3 Bf5 5. c4 c6 6. dxc6 Nxc6 7. Be3 e5 8. d5 Nd4 9. Bxd4 exd4 10. Bd3 Bb4+ 11. Kf1 Bxd3+ 12. Qxd3 O-O 13. Nd2 Re8 14. Ne4 Nxe4 15. fxe4 Qh4 16. Nf3 Qxe4 17. Qxe4 Rxe4 18. a3 Be7 19. Kf2 d3 20. b3 Re2+ 21. Kg3 Bd6+ 22. Kh3 Rae8 23. b4 Bf4 24. Rhd1 d2 25. c5 h5 26. Ra2 g5 27. g4 R8e3 28. gxh5 f5 0-1

[Event "8.Open B Week-End"]
[Site "Padova"]
[Date "2005.12.10"]
[Round "1.5"]
[White "Pojer, Romeo"]
[Black "Badiale, Riccardo"]
[Result "1/2-1/2"]
[WhiteElo "2153"]
[BlackElo "1729"]
[Annotator "Gabriele Ballarin"]
[PlyCount "77"]
[EventDate "2005.12.10"]
[EventType "swiss"]
[EventRounds "6"]
[EventCountry "ITA"]

1. c4 c5 2. Nf3 Nc6 3. Nc3 Nf6 4. g3 g6 5. Bg2 Bg7 6. O-O O-O 7. e4 d6 8. d3 Rb8 9. h3 a6 10. a4 b6 11. Bd2 e6 12. Ne1 e5 13. f4 Nh5 14. Kh2 exf4 15. gxf4 Qh4 16. Ne2 Nd4 17. Nf3 Nxf3+ 18. Rxf3 f5 19. Be1 Qe7 20. Qc2 Bb7 21. Rf2 Rbe8 22. exf5 Rxf5 23. Bxb7 Qxb7 24. Bd2 d5 25. Nc3 d4 26. Ne4 Qc7 27. Raf1 Ref8 28. Qc1 Bh6 29. Kh1 Bxf4 30. Qd1 Qd7 31. Qg4 Bxd2 32. Nxd2 Qc6+ 33. Kg1 Rxf2 34. Rxf2 Rxf2 35. Kxf2 Qf6+ 36. Nf3 Qf5 37. Qxf5 gxf5 38. Ne5 Nf4 39. Kf3 1/2-1/2

[Event "8.Open B Week-End"]
[Site "Padova"]
[Date "2005.12.10"]
[Round "1.6"]
[White "Di Cerbo, Giulia"]
[Black "Bonafede, Alessandro"]
[Result "0-1"]
[WhiteElo "1727"]
[BlackElo "2147"]
[Annotator "Gabriele Ballarin"]
[PlyCount "82"]
[EventDate "2005.12.10"]
[EventType "swiss"]
[EventRounds "6"]
[EventCountry "ITA"]

1. d4 Nf6 2. Bf4 c5 3. c3 Qb6 4. Qc2 e6 5. e3 Nc6 6. Na3 cxd4 7. Nc4 Qd8 8. exd4 d5 9. Ne5 Bd6 10. Ngf3 O-O 11. Bd3 Qc7 12. Bg3 b6 13. O-O Bb7 14. Rae1 Ne7 15. Nxf7 Rxf7 16. Ng5 Ne4 17. Nxf7 Kxf7 18. Qe2 Bxg3 19. fxg3+ Kg8 20. Qg4 Nf5 21. Qe2 Nfd6 22. Rf4 Qe7 23. Ref1 a5 24. Bxe4 dxe4 25. Qh5 Nf5 26. g4 g6 27. Qh3 Nd6 28. Rf6 Ba6 29. R1f4 Nf5 30. g5 e3 31. Re4 Bc4 32. g4 Nd6 33. Rxe3 Bxa2 34. Qf3 Rf8 35. Qf4 Bd5 36. Re2 Ne8 37. Rxf8+ Qxf8 38. Qe3 Nd6 39. Qf2 Qxf2+ 40. Kxf2 Ne4+ 41. Ke3 Nd6 0-1

[Event "8.Open B Week-End"]
[Site "Padova"]
[Date "2005.12.10"]
[Round "1.7"]
[White "Carini, Massimo"]
[Black "Ferrarese, Giacomo"]
[Result "1-0"]
[WhiteElo "2140"]
[BlackElo "1721"]
[Annotator "Gabriele Ballarin"]
[PlyCount "73"]
[EventDate "2005.12.10"]
[EventType "swiss"]
[EventRounds "6"]
[EventCountry "ITA"]

1. e4 c5 2. Nf3 d6 3. c3 e6 4. d4 cxd4 5. cxd4 Nf6 6. Nc3 Bd7 7. Bd3 Be7 8. Qe2 Qb6 9. O-O O-O 10. h3 Rc8 11. Be3 d5 12. e5 Ne8 13. Qc2 h6 14. Qd2 Bf8 15. Rac1 Nc6 16. Bb1 f5 17. g4 Nc7 18. gxf5 exf5 19. Kh2 Na5 20. Bd3 Nc4 21. Bxc4 dxc4 22. Rg1 Kf7 23. d5 Qa6 24. e6+ Bxe6 25. dxe6+ Qxe6 26. Nd4 Qd6+ 27. Bf4 Qc5 28. b4 Qb6 29. Nxf5 Na6 30. Bg3 Rd8 31. Qe2 g6 32. Ne3 Rd7 33. Ned5 Qc6 34. Qf3+ Kg8 35. Nf6+ Kg7 36. Qxc6 bxc6 37. Nxd7 1-0

[Event "8.Open B Week-End"]
[Site "Padova"]
[Date "2005.12.10"]
[Round "1.8"]
[White "Alba, Riccardo"]
[Black "Damia, Angelo"]
[Result "0-1"]
[WhiteElo "1703"]
[BlackElo "2137"]
[Annotator "Gabriele Ballarin"]
[PlyCount "64"]
[EventDate "2005.12.10"]
[EventType "swiss"]
[EventRounds "6"]
[EventCountry "ITA"]

1. d4 d6 2. Bf4 Nd7 3. Nf3 Ngf6 4. h3 g6 5. Nc3 Bg7 6. Qd2 c5 7. Bh6 O-O 8. e4 cxd4 9. Nxd4 Nc5 10. Bxg7 Kxg7 11. f3 a6 12. g4 b5 13. h4 h5 14. gxh5 Nxh5 15. Be2 e5 16. Nc6 Qc7 17. Nb4 Be6 18. Nbd5 Qb7 19. Ne3 Rad8 20. Ncd5 Bxd5 21. Nxd5 Ne6 22. O-O-O Nef4 23. Rdg1 Nxd5 24. exd5 Nf4 25. h5 Qxd5 26. Bd3 Qxa2 27. c3 Qd5 28. hxg6 Qxd3 29. Rh7+ Kf6 30. g7 Qxd2+ 31. Kxd2 Rg8 32. Ke3 d5 0-1

[Event "8.Open B Week-End"]
[Site "Padova"]
[Date "2005.12.10"]
[Round "1.9"]
[White "Borin, Fabio"]
[Black "Chiodini, Pietro"]
[Result "0-1"]
[WhiteElo "2128"]
[BlackElo "1703"]
[Annotator "Gabriele Ballarin"]
[PlyCount "54"]
[EventDate "2005.12.10"]
[EventType "swiss"]
[EventRounds "6"]
[EventCountry "ITA"]

1. e4 e5 2. Nf3 Bc5 3. Nxe5 Nc6 4. Nxc6 dxc6 5. c3 Qe7 6. f3 f5 7. d4 fxe4 8. dxc5 exf3+ 9. Kf2 Nf6 10. gxf3 O-O 11. Qd4 Ne4+ 12. Kg1 Ng5 13. Bxg5 Qxg5+ 14. Kf2 Bg4 15. Be2 Qh4+ 16. Ke3 Rae8+ 17. Kd2 Rxe2+ 18. Kxe2 Bxf3+ 19. Kd3 Rd8 20. Rf1 Qe4+ 21. Kd2 Qe2+ 22. Kc1 Qxf1+ 23. Kc2 Rxd4 24. cxd4 Be4+ 25. Kc3 Qd3+ 26. Kb4 a5+ 27. Kxa5 Qb5# 0-1

[Event "8.Open B Week-End"]
[Site "Padova"]
[Date "2005.12.10"]
[Round "1.10"]
[White "Levorin, Fabrizio"]
[Black "Omeri, Silvan"]
[Result "0-1"]
[WhiteElo "1700"]
[BlackElo "2128"]
[Annotator "Gabriele Ballarin"]
[PlyCount "88"]
[EventDate "2005.12.10"]
[EventType "swiss"]
[EventRounds "6"]
[EventCountry "ITA"]

1. e4 e5 2. Nf3 Nc6 3. d4 d5 4. exd5 Qxd5 5. Nc3 Bb4 6. Bd2 Bxc3 7. Bxc3 Bg4 8. dxe5 Qe6 9. Bd3 Nxe5 10. Bxe5 Bxf3 11. Qxf3 Qxe5+ 12. Qe4 Qxe4+ 13. Bxe4 O-O-O 14. O-O Ne7 15. Rfe1 Rd7 16. Rad1 Rxd1 17. Rxd1 c6 18. g3 f5 19. Bf3 Kc7 20. h4 Rf8 21. Kg2 Rf6 22. c4 Ng6 23. Re1 Kd7 24. b4 Rd6 25. Rd1 Ne5 26. Rxd6+ Kxd6 27. c5+ Ke6 28. Bd1 Kd5 29. f4 Nd3 30. Bb3+ Kd4 31. Bg8 h6 32. Bh7 Ke4 33. a3 Ne1+ 34. Kf2 Nc2 35. g4 Kxf4 36. Bxf5 Nxa3 37. Bc8 Nc2 38. Bxb7 Nxb4 39. Bc8 Nd3+ 40. Ke2 Nxc5 41. Kd2 Ne4+ 42. Kd3 Nf2+ 43. Kc4 Nxg4 44. Kc5 Ne5 0-1

[Event "8.Open B Week-End"]
[Site "Padova"]
[Date "2005.12.10"]
[Round "1.11"]
[White "Xia, Jie"]
[Black "Carlassara, Renato"]
[Result "1-0"]
[WhiteElo "2111"]
[BlackElo "1694"]
[Annotator "Gabriele Ballarin"]
[PlyCount "57"]
[EventDate "2005.12.10"]
[EventType "swiss"]
[EventRounds "6"]
[EventCountry "ITA"]

1. e4 e5 2. Nf3 Nc6 3. d4 exd4 4. Bc4 Bc5 5. c3 Nf6 6. e5 d5 7. Bb5 Ne4 8. cxd4 Bb6 9. O-O Bg4 10. Be3 O-O 11. Be2 f6 12. exf6 Qxf6 13. Nc3 Nxc3 14. bxc3 Rae8 15. a4 Ba5 16. Qb3 Qg6 17. Qxd5+ Kh8 18. Nh4 Qe6 19. Qxe6 Bxe6 20. Bh5 g6 21. Bf3 Bxc3 22. d5 Rxf3 23. Nxf3 Bxa1 24. dxc6 Bc3 25. Rc1 Ba5 26. cxb7 Rb8 27. Nd4 Bd5 28. h3 Rxb7 29. Rc5 1-0

[Event "8.Open B Week-End"]
[Site "Padova"]
[Date "2005.12.10"]
[Round "1.12"]
[White "Battiston, Gianfranco"]
[Black "Ravagnani, Tiziano"]
[Result "0-1"]
[WhiteElo "1685"]
[BlackElo "2091"]
[Annotator "Gabriele Ballarin"]
[PlyCount "50"]
[EventDate "2005.12.10"]
[EventType "swiss"]
[EventRounds "6"]
[EventCountry "ITA"]

1. e4 c5 2. Nf3 d6 3. d4 cxd4 4. Nxd4 Nf6 5. Nc3 g6 6. Bc4 Bg7 7. O-O O-O 8. f4 Qb6 9. Kh1 Ng4 10. Nce2 Nc6 11. c3 Qc5 12. Bb3 e5 13. fxe5 dxe5 14. h3 exd4 15. cxd4 Qh5 16. e5 Bh6 17. Qd3 Be6 18. Ng3 Qh4 19. Bxh6 Qxh6 20. Rae1 Rad8 21. Re4 Ngxe5 22. Qb5 Bxh3 23. Kg1 Qg5 24. Kh2 Ng4+ 25. Kxh3 Qxb5 0-1

[Event "8.Open B Week-End"]
[Site "Padova"]
[Date "2005.12.10"]
[Round "1.13"]
[White "Vianello, Enrico"]
[Black "Mihalcea, Vasile"]
[Result "1-0"]
[WhiteElo "2086"]
[BlackElo "1685"]
[Annotator "Gabriele Ballarin"]
[PlyCount "125"]
[EventDate "2005.12.10"]
[EventType "swiss"]
[EventRounds "6"]
[EventCountry "ITA"]

1. d4 Nf6 2. Bg5 c5 3. d5 c4 4. Bxf6 exf6 5. c3 b5 6. a4 Qa5 7. Nd2 Ba6 8. e4 b4 9. Qc2 b3 10. Qd1 Qc7 11. Ngf3 Bc5 12. Be2 O-O 13. O-O Re8 14. Bxc4 Bxc4 15. Nxc4 Bxf2+ 16. Rxf2 Qxc4 17. Nd2 Qd3 18. Qxb3 Na6 19. Qd1 Nc5 20. Rf3 Qa6 21. Qe1 Qb6 22. Kh1 Qxb2 23. Nc4 Qc2 24. Nd6 Re7 25. Re3 Rb8 26. Qg3 Re5 27. h4 Rb6 28. Nc4 Nxe4 29. Qf4 g5 30. hxg5 Nf2+ 31. Kg1 Rf5 32. Re8+ Kg7 33. gxf6+ Rbxf6 34. Ne3 Rxf4 35. Nxc2 Rc4 36. Re3 Ng4 37. Rg3 h5 38. Rf3 Rb6 39. Ra3 Rb2 40. Ne3 Rb1+ 41. Rf1 Rxf1+ 42. Nxf1 Nf6 43. Nd2 Rc7 44. c4 Ne8 45. Kf2 Nf6 46. Ke3 d6 47. Kd4 Re7 48. Rg3+ Kh6 49. Re3 Rb7 50. Kc3 Ng4 51. Re8 Rd7 52. Ne4 f5 53. Re6+ Kg7 54. Nxd6 f4 55. Nf5+ Kf8 56. Kd4 Nf2 57. c5 Rb7 58. Rf6+ Kg8 59. Kc4 Ng4 60. Re6 Rb1 61. d6 Kf7 62. Re7+ Kf6 63. Nd4 {Nur} 1-0